ბათუმის შოთა რუსთაველის სახელმწიფო უნივერსიტეტის ბიბლიოთეკა

სპორტის ენციკლოპედია / (ბიბ.ჩანაწერი № 34544)

000 -ლიდერი
ფიქსირებული სიგრძის საკონტროლო ველი 01192nam a2200253Ia 4500
001 - საკონტროლო ნომერი
საკონტროლო ველი 299
003 - საკონტროლო ნომრის იდენტიფიკატორი
საკონტროლო ველი GE_BSU
005 - ბოლო ოპერაციის თარიღი და დრო
საკონტროლო ველი 20200204153508.0
008 - ფიქსირებული სიგრძის მონაცემთა ელემენტები - ზოგადი ინფორმაცია
ფიქსირებული სიგრძის საკონტროლო ველი 181216s2006||||ge |||||||||||||| ||geo||
020 ## - წიგნის საერთაშორისო სტანდარტული ნომერი
International Standard Book Number 999400767X
040 ## - კატალოგიზაციის წყარო
Transcribing agency GE_BSU
041 ## - ენის კოდი
Language code of text/sound track or separate title geo
080 ## - უნივერსალური ათობითი კლასიფიკაციის ინდექსი
Universal Decimal Classification number 796(031) ბ-52
100 ## - მთავარი ჩანაწერი - პიროვნების სახელი
Personal name ბერიშვილი, ელგუჯა
9 (RLIN) 6785
245 ## - ცნობა სათაურის შესახებ
Title სპორტის ენციკლოპედია /
Statement of responsibility, etc პროექტის ავტ. და მთ. რედ. ელგუჯა ბერიშვილი ; [რედ.: ზურაბ მეძველია და სხვ. ; მხატვ. ჯემალ ზენაიშვილი].
264 ## - წარმოების, გამოცემის, დისტრიბუციის და სხვა ცნობები
გამოცემის, წარმოების, დისტრიბუციის... ადგილი თბილისი,
გამოცემის, წარმოების, დისტრიბუციის... თარიღი 2006.
300 ## - ფიზიკური აღწერა
Extent 700 გვ.:
Other physical details ილ.;
Dimensions 30 სმ.
653 ## - INDEX TERM--UNCONTROLLED
Uncontrolled term სპორტი
653 ## - INDEX TERM--UNCONTROLLED
Uncontrolled term სპორტის ენციკლოპედია
700 ## - ADDED ENTRY--PERSONAL NAME
Personal name ბერიშვილი, ელგუჯა
Relator term რედაქტორი
9 (RLIN) 6785
700 ## - ADDED ENTRY--PERSONAL NAME
Personal name მეძველია, ზურაბ
Relator term რედაქტორი
9 (RLIN) 6786
700 ## - ADDED ENTRY--PERSONAL NAME
Personal name ზენაიშვილი, ჯემალ
Relator term მხატვარი
9 (RLIN) 6787
942 ## - ADDED ENTRY ELEMENTS (KOHA)
Koha item type წიგნი
Source of classification or shelving scheme
ეგზემპლარები
ჩამოწერის სტატუსი დაკარგული ეგზემპლარის სტატუსი კლასიფიკაციის წყარო ან თაროზე გაწყობის სქემა დაზიანების სტატუსი არ გაიცემა მუდმივი მდებარეობა (დაცვის ადგილი) ამჟამინდელი ადგილსამყოფელი თაროზე განთავსების ადგილი შეძენის თარიღი ღირებულება, შესყიდვის ნორმალური ფასი სრული შენახვის შიფრი შტრიხკოდი ბოლო ოპერაციის თარიღი ეგზემპლარის მიმდევრობითი ნომერი (კეტერი?) ფასის ძალაში შესვლის თარიღი ეგზემპლარის სახეობა საჯარო შენიშვნა
          ბათუმის შოთა რუსთაველის სახელმწიფო უნივერსიტეტის მთავარი ბიბლიოთეკა ბათუმის შოთა რუსთაველის სახელმწიფო უნივერსიტეტის მთავარი ბიბლიოთეკა წიგნსაცავი 2018-12-17 20.00 796(031) ბ-52 590 2018-12-17 590 2018-12-17 წიგნი 20 ლ.